000 00459cam a2200205 4500
001 D3707
008 090401t1984 xxu||||| |||| 00| 0 eng d
035 _a(Sirsi) u74531
041 _aeng
050 _a658.1552
100 _aFerry, Douglas J
245 _aCost planning of buildings
250 _a5th
260 _aLondon
_bGranada
_c1984
300 _a388p. 22cm
350 _a0
700 _aBrandon, Peter S
942 _n0
948 _c04/03/1997
999 _c95874
_d95874